MEDICINE UPDATE 2024, VOLUME 34 PART 2 (Record no. 216720)
[ view plain ]
| 000 -LEADER | |
|---|---|
| fixed length control field | 00516nam a22001817a 4500 |
| 008 - FIXED-LENGTH DATA ELEMENTS--GENERAL INFORMATION | |
| fixed length control field | 260227b |||||||| |||| 00| 0 eng d |
| 020 ## - INTERNATIONAL STANDARD BOOK NUMBER | |
| International Standard Book Number | 978-93-5696-623-9 |
| 050 ## - LIBRARY OF CONGRESS CALL NUMBER | |
| Classification number | RC 46 .M43 2024 V.2 |
| Item number | 1 |
| 100 ## - MAIN ENTRY--PERSONAL NAME | |
| Personal name | NADKAR, MILIND Y |
| 245 ## - TITLE STATEMENT | |
| Title | MEDICINE UPDATE 2024, VOLUME 34 PART 2 |
| 260 ## - PUBLICATION, DISTRIBUTION, ETC. | |
| Place of publication, distribution, etc. | NEW DELHI |
| Name of publisher, distributor, etc. | JAYPEE BROTHERS MEDICAL PUBLISHERS. |
| Date of publication, distribution, etc. | 2024. |
| 300 ## - PHYSICAL DESCRIPTION | |
| Extent | IVIII, 1494P,:ILL |
| 500 ## - GENERAL NOTE | |
| General note | INCLUIDES INDEX. |
| 650 ## - SUBJECT ADDED ENTRY | |
| Topical term or geographic name entry element | MEDICINE |
| 700 ## - ADDED ENTRY--PERSONAL NAME | |
| Personal name | PAREEK ,KK |
| 942 ## - ADDED ENTRY ELEMENTS (KOHA) | |
| Source of classification or shelving scheme | Library of Congress Classification |
| Koha item type | Long Loan Book |
| Withdrawn status | Lost status | Source of classification or shelving scheme | Damaged status | Not for loan | Collection | Home library | Current library | Shelving location | Date acquired | Inventory number | Total checkouts | Full call number | Barcode | Date last seen | Copy number | Price effective from | Koha item type |
|---|---|---|---|---|---|---|---|---|---|---|---|---|---|---|---|---|---|
| Library of Congress Classification | Medicine | Kisii University Library | Kisii University Library | On Display | 02/27/2026 | 111239 | RC 46 .M34 2024 V.34 V.2 | a000214 | 02/27/2026 | C.1 | 02/27/2026 | Long Loan Book | |||||
| Library of Congress Classification | Medicine | Kisii University Library | Kisii University Library | On Display | 02/27/2026 | 111240 | RC 46 .M34 2024 V.34 V.2 | a000218 | 02/27/2026 | C.2 | 02/27/2026 | Long Loan Book | |||||
| Library of Congress Classification | Medicine | Kisii University Library | Kisii University Library | On Display | 02/27/2026 | 111241 | RC 46 .M34 2024 V.34 V.2 | a000211 | 02/27/2026 | C.3 | 02/27/2026 | Long Loan Book | |||||
| Library of Congress Classification | Medicine | Kisii University Library | Kisii University Library | On Display | 02/27/2026 | 111242 | RC 46 .M43 2024 V.34 V.2 | a000212 | 02/27/2026 | C.4 | 02/27/2026 | Long Loan Book |